Science Quiz

Random Science or Clickable Quiz
Score 0/13 Timer 01:00
0 Plays Today
% Correct
Glycine
88.5%
Methionine
88.5%
Alanine
84.6%
Aspartate
84.6%
Cysteine
84.6%
Serine
84.6%
Glutamine
80.8%
Histidine
80.8%
Valine
80.8%
Asparagine
76.9%
Glutamate
76.9%
Arginine
73.1%
Proline
73.1%
Come Together.
Have Fun.
All Virtual.
We all need to come together. Play Sporcle's virtual live trivia to have fun, connect with people, and get your trivia on. Join a live hosted trivia game for your favorite pub trivia experience done virtually. If a virtual private party is more your thing, go here for details.

You're not logged in!

Compare scores with friends on all Sporcle quizzes.
OR
Log In

Sporcle TV

Today on Sporcle TV


Watch our educational content, quiz creation guides, and fun videos on Sporcle TV.

Show Comments

Extras

Created Jan 12, 2016ReportNominate
Tags:Clickable Quiz, Acid, amino

Top Quizzes Today


Score Distribution

Paid Content

Your Account Isn't Verified!

In order to create a playlist on Sporcle, you need to verify the email address you used during registration. Go to your Sporcle Settings to finish the process.

Report this User

Report this user for behavior that violates our Community Guidelines.

Details: